| 000 | 00720cam a2200241 a 4500 | ||
|---|---|---|---|
| 001 | 2351542 | ||
| 003 | GBCCL | ||
| 005 | 20241126110349.0 | ||
| 008 | 840606s1984 tnu b 000 0 eng | ||
| 010 | _a 83024021 | ||
| 040 |
_aDLC _cDLC _dDLC _dOCoLC |
||
| 050 | 0 | 0 |
_aBV4222 _b.P65 1984 |
| 082 | 0 | 0 |
_a251 _219 _bBAR |
| 100 | _4Barry, James C | ||
| 245 | 0 | 0 |
_aPreach the word : _cJames C. Barry, author & compiler. _bin love and power / |
| 260 |
_aNashville, Tenn. : _bConvention Press, _cc1986. |
||
| 300 |
_a127 p. ; _c21 cm. |
||
| 650 | 0 |
_aPreaching. _9404 |
|
| 650 | 0 |
_aSermons, American. _9270 |
|
| 700 | 1 |
_aBarry, James C., _d1920- _91479 |
|
| 906 |
_a7 _bcbc _corignew _d1 _eocip _f19 _gy-gencatlg |
||
| 942 |
_2ddc _cBK _01 |
||
| 999 |
_c927 _d927 |
||